European Union information
Αποθηκεύτηκε σε:
| Κύριος συγγραφέας: | |
|---|---|
| Μορφή: | Βιβλίο |
| Γλώσσα: | English |
| Δημοσίευση: |
Halifax :
Association of Assistant Librarians,
1997
|
| Έκδοση: | 2nd ed., fully rev. and exp. |
| Θέματα: | |
| Ετικέτες: |
Προσθήκη ετικέτας
Δεν υπάρχουν, Καταχωρήστε ετικέτα πρώτοι!
|
MARC
| LEADER | 00000nam a2200000 i 4500 | ||
|---|---|---|---|
| 001 | 1/88314 | ||
| 008 | 990824s1997 eng d | ||
| 020 | |a 1-901353-05-2 | ||
| 035 | |l 10052506 | ||
| 040 | |a GR-MY-UA |b gre |e aacr | ||
| 041 | 0 | |a eng | |
| 082 | 0 | |a 025.52 | |
| 100 | 1 | |a Ramsay, Anne. | |
| 245 | 1 | 0 | |a European Union information / |c by Anne Ramsay |
| 250 | |a 2nd ed., fully rev. and exp. | ||
| 260 | |a Halifax : |b Association of Assistant Librarians, |c 1997 | ||
| 300 | |a ix, 69 σ.; |c 21 εκ. | ||
| 500 | |a "First edition 1990, published as European Communities information"--T.p. verso | ||
| 504 | |a Βιβλιογραφία: σ. 68-69 | ||
| 610 | 2 | 0 | |a European Union |x Information services. |
| 610 | 2 | 0 | |a European Union |x Bibliography. |
| 852 | |a INST |b LESVOS |e 19990824 |h 025.52 RAM |p 005100021218 |q 005100021218 |t BK |y 0 | ||
| 901 | |a BIBL1-2000-2 | ||
| 909 | |a Λ |b 064831 | ||
| 922 | |a 1ΕΛΗ |b 199903 |c ΚΠΣ/ΚΥΒ |d LEADER | ||
| 950 | |a 023-1998-09-14 | ||
| 970 | |z 2000/07/ELIDOC | ||